[Event "XXVIII Open Internacional Ciud"]
[Site "Salon Miramar (Hotel Costa Va"]
[Date "2005.03.24"]
[Round "7.3"]
[White "Prie, Eric"]
[Black "Dobrev, Nanko"]
[Result "1/2-1/2"]
[WhiteElo "2439"]
[BlackElo "2399"]
[PlyCount "72"]
[EventDate "2005.03.19"]

1. d4 d5 2. a3 Nf6 3. Nf3 e6 4. Bg5 Be7 5. e3 h6 6. Bh4 O-O 7. Nbd2 b6 8. Ne5
c5 9. c3 Nfd7 10. Nxd7 Nxd7 11. Bg3 cxd4 12. cxd4 a5 13. Rc1 Ra7 14. Bb5 Nf6
15. O-O Ne8 16. Nf3 Nd6 17. Bd3 Rc7 18. Ne5 Bd7 19. Qg4 Be8 20. Qe2 b5 21. Rxc7
Qxc7 22. Qd2 a4 23. Nf3 Qb7 24. Bxd6 Bxd6 25. Rc1 Qb8 26. h3 Bd7 27. Qa5 f6 28.
e4 Rf7 29. exd5 exd5 30. Nh4 f5 31. Ng6 Kh7 32. Nh4 g5 33. Nf3 g4 34. Nh4 Kg7
35. Qd2 b4 36. axb4 Qxb4 {Ilegible} 1/2-1/2

[Event "XXVIII Open Internacional Ciud"]
[Site "Salon Miramar (Hotel Costa Va"]
[Date "2005.03.24"]
[Round "7.4"]
[White "Peralta, Fernando"]
[Black "Andres Gonzalez, Alberto"]
[Result "1-0"]
[WhiteElo "2538"]
[BlackElo "2430"]
[PlyCount "73"]
[EventDate "2005.03.19"]

1. d4 Nf6 2. c4 e6 3. Nc3 Bb4 4. e3 O-O 5. Bd3 d5 6. Nf3 c5 7. O-O Nc6 8. a3
Bxc3 9. bxc3 Qc7 10. cxd5 exd5 11. a4 Re8 12. Ba3 c4 13. Bc2 Bg4 14. Qe1 Bh5
15. Nh4 Ng4 16. g3 g5 17. Ng2 Bg6 18. Qd2 Bxc2 19. Qxc2 Qd7 20. Rae1 Nf6 21. f3
Qe6 22. e4 dxe4 23. fxe4 Nxe4 24. Ne3 Nf6 25. Qd1 Nd5 26. Nxc4 Qg6 27. Qd2 Rxe1
28. Rxe1 Rd8 29. Nd6 b6 30. c4 Nf6 31. d5 Na5 32. Qd4 Nb3 33. Qe5 Nc5 34. Bb2
h6 35. Ne8 Rxe8 36. Qxe8+ Kg7 37. Bxf6+ 1-0

[Event "XXVIII Open Internacional Ciud"]
[Site "Salon Miramar (Hotel Costa Va"]
[Date "2005.03.24"]
[Round "7.5"]
[White "Guerra Bastida, Diego"]
[Black "Cifuentes Parada, Roberto"]
[Result "1/2-1/2"]
[WhiteElo "2390"]
[BlackElo "2521"]
[PlyCount "95"]
[EventDate "2005.03.19"]

1. e4 c5 2. Nf3 e6 3. d4 cxd4 4. Nxd4 Nf6 5. Nc3 Nc6 6. Ndb5 d6 7. Bf4 e5 8.
Bg5 a6 9. Na3 b5 10. Bxf6 gxf6 11. Nd5 f5 12. c3 Bg7 13. exf5 Bxf5 14. Nc2 O-O
15. Nce3 Be6 16. Bd3 f5 17. Bc2 Ra7 18. Qh5 Raf7 19. O-O Ne7 20. Nxe7+ Qxe7 21.
Rad1 Rf6 22. Bb3 Kh8 23. Bxe6 Qxe6 24. Nd5 Rg6 25. f4 Bh6 26. Qe2 Rc8 27. Qf3
e4 28. Qe2 Rc5 29. Ne3 Qf7 30. a4 Bg7 31. axb5 Rxb5 32. Kh1 d5 33. Qh5 d4 34.
cxd4 Qd7 35. Nc4 Rh6 36. Qe2 Qd5 37. Ne5 Rb8 38. Qc4 Qxc4 39. Nxc4 Rc6 40. Ne3
Rxb2 41. Rc1 Rxc1 42. Rxc1 Bxd4 43. Nxf5 Bc3 44. g4 Rb3 45. Rd1 Kg8 46. Rd8+
Kf7 47. Rd7+ Kf8 48. Rd8+ 1/2-1/2

[Event "XXVIII Open Internacional Ciud"]
[Site "Salon Miramar (Hotel Costa Va"]
[Date "2005.03.24"]
[Round "7.6"]
[White "Paunovic, Dragan"]
[Black "Ladron De Guevara, Fco Javier"]
[Result "1-0"]
[WhiteElo "2518"]
[BlackElo "2104"]
[PlyCount "95"]
[EventDate "2005.03.19"]

1. c4 e6 2. Nf3 Nf6 3. g3 d5 4. Bg2 Be7 5. O-O O-O 6. d4 c6 7. Qc2 b6 8. b3 Bb7
9. Nc3 Na6 10. Rd1 Rc8 11. e4 b5 12. e5 Nd7 13. c5 f6 14. exf6 Bxf6 15. Bf4 e5
16. dxe5 Be7 17. Nd4 Ndxc5 18. a3 Qd7 19. b4 Ne6 20. Nde2 Qe8 21. Be3 Ra8 22.
f4 Qf7 23. Nd4 Nxd4 24. Bxd4 Nc7 25. Ne2 Ne6 26. Rf1 g6 27. g4 a5 28. f5 Nxd4
29. Nxd4 axb4 30. f6 Bd8 31. e6 Qc7 32. e7 Bxe7 33. Bxd5+ Kh8 34. fxe7 Qxe7 35.
Nxc6 Qe3+ 36. Kh1 bxa3 37. Rae1 Qh3 38. Rxf8+ Rxf8 39. Bg2 Qh4 40. Rd1 Rf2 41.
Qc3+ Qf6 42. Rd8+ Kg7 43. Rd7+ Kh6 44. Qh3+ Kg5 45. Rd5+ Rf5 46. Qe3+ Kxg4 47.
Rd4+ Kh5 48. Qh3+ 1-0

[Event "XXVIII Open Internacional Ciud"]
[Site "Salon Miramar (Hotel Costa Va"]
[Date "2005.03.24"]
[Round "7.7"]
[White "Pogorelov, Ruslan"]
[Black "Pomes Marcet, Juan"]
[Result "1-0"]
[WhiteElo "2472"]
[BlackElo "2374"]
[PlyCount "109"]
[EventDate "2005.03.19"]

1. Nf3 d5 2. d4 Nf6 3. c4 c6 4. Nc3 dxc4 5. a4 Bf5 6. Ne5 Nbd7 7. Nxc4 Nd5 8.
f3 e5 9. e4 Nxc3 10. bxc3 Be6 11. Be3 exd4 12. cxd4 Bb4+ 13. Kf2 O-O 14. g4 Nb6
15. Ne5 a5 16. Kg2 f6 17. Nd3 Nc4 18. Bf2 Bd6 19. Nc5 Bxc5 20. Bxc4 Bxc4 21.
dxc5 Qd3 22. Qc1 Be6 23. Rd1 Qc4 24. Qxc4 Bxc4 25. Rd4 Be6 26. Rb1 Rf7 27. h3
Re7 28. Bg3 Bf7 29. Bd6 Rd7 30. h4 h6 31. f4 Re8 32. Kg3 g6 33. f5 gxf5 34.
gxf5 Bh5 35. Rb3 Kh7 36. Kf2 Bf7 37. Rb1 Bh5 38. Ke3 Rg8 39. Bf4 Re7 40. Rd6
Rf8 41. Rg1 Rg7 42. Rxg7+ Kxg7 43. e5 Bg4 44. exf6+ Kg8 45. Bxh6 Re8+ 46. Kf4
Bh5 47. Rd7 Bf7 48. Bg5 Bd5 49. Re7 Rb8 50. h5 b5 51. cxb6 Rxb6 52. h6 Rb4+ 53.
Ke5 Re4+ 54. Kd6 Rxa4 55. Rg7+ 1-0

[Event "XXVIII Open Internacional Ciud"]
[Site "Salon Miramar (Hotel Costa Va"]
[Date "2005.03.24"]
[Round "7.8"]
[White "Alonso, Salvador"]
[Black "Marholev, Dimitar"]
[Result "0-1"]
[WhiteElo "2459"]
[BlackElo "2381"]
[PlyCount "160"]
[EventDate "2005.03.19"]

1. e4 e5 2. Nf3 Nc6 3. Bb5 a6 4. Ba4 Nf6 5. O-O Be7 6. Re1 b5 7. Bb3 d6 8. c3
O-O 9. h3 Na5 10. Bc2 c5 11. d4 Qc7 12. Nbd2 cxd4 13. cxd4 Bb7 14. d5 Bc8 15.
Rb1 Bd7 16. Nf1 Nc4 17. Bd3 Rfc8 18. b3 Nb6 19. Qe2 g6 20. Bg5 Qd8 21. Qd2 a5
22. a3 a4 23. Bxf6 Bxf6 24. bxa4 Nc4 25. Bxc4 bxc4 26. Rec1 Bxa4 27. Qc3 Rc5
28. N1d2 Qc7 29. Rb4 Bb5 30. Nb1 Bd8 31. Qb2 Qd7 32. Nc3 Ba6 33. Na4 Ra5 34.
Nb6 Bxb6 35. Rxb6 Rb5 36. Rxb5 Qxb5 37. Qc3 Rb8 38. Nd2 Qc5 39. Rc2 Qd4 40. Rc1
Kg7 41. Rc2 h6 42. h4 h5 43. g3 f5 44. Qa5 Rb6 45. exf5 gxf5 46. Nf3 Rb1+ 47.
Kh2 Qb6 48. Qd2 Qd8 49. Ng5 Kg6 50. Ne6 Qe7 51. Qa5 Bb7 52. Ng5 Rd1 53. Rd2 Rb1
54. Qc3 Qc7 55. Ne6 Qc8 56. f3 Bxd5 57. Nf4+ exf4 58. Rxd5 Qe6 59. Rd2 fxg3+
60. Kg2 Rb3 61. Qe5 d5 62. Qf4 c3 63. Qg5+ Kf7 64. Qxh5+ Qg6 65. Qxg6+ Kxg6 66.
Rxd5 f4 67. Kh3 Rb2 68. Rd1 Rh2+ 69. Kg4 g2 70. Rg1 c2 71. Kxf4 c1=Q+ 72. Rxc1
Rh1 73. Rc6+ Kf7 74. Rc7+ Ke6 75. Rc6+ Kf7 76. Rc7+ Ke6 77. Rc6+ Kd7 78. Rg6
g1=Q 79. Rxg1 Rxg1 80. h5 Ke7 0-1

[Event "XXVIII Open Internacional Ciud"]
[Site "Salon Miramar (Hotel Costa Va"]
[Date "2005.03.24"]
[Round "7.10"]
[White "Vehi Bach, Victor M"]
[Black "Pastor Pons, Pedro"]
[Result "1-0"]
[WhiteElo "2423"]
[BlackElo "2210"]
[PlyCount "63"]
[EventDate "2005.03.19"]

1. e4 g6 2. d4 Bg7 3. Nc3 d6 4. Be3 Nf6 5. Nf3 c6 6. Qd2 b5 7. O-O-O b4 8. Ne2
Qa5 9. Kb1 Be6 10. Nc1 Nbd7 11. Bh6 Bxh6 12. Qxh6 Nb6 13. h4 Rb8 14. Ne2 Na4
15. b3 Qh5 16. Qe3 Bc4 17. Nf4 Qb5 18. Bxc4 Qxc4 19. e5 Nd5 20. Nxd5 Qxd5 21.
exd6 Qxd6 22. h5 Qf6 23. hxg6 hxg6 24. Rxh8+ Qxh8 25. Qf4 Rc8 26. Qg5 c5 27.
Qg4 e6 28. Qe4 Qh2 29. dxc5 Qb8 30. Qd4 Qb7 31. Rh1 Qd5 32. Qxb4 1-0

[Event "XXVIII Open Internacional Ciud"]
[Site "Salon Miramar (Hotel Costa Va"]
[Date "2005.03.24"]
[Round "7.11"]
[White "Jakobsen, Ole"]
[Black "Angulo Martinez, Jon"]
[Result "1-0"]
[WhiteElo "2387"]
[BlackElo "2117"]
[PlyCount "69"]
[EventDate "2005.03.19"]

1. d4 d5 2. Nf3 Nf6 3. c4 c6 4. Qc2 e6 5. g3 Nbd7 6. Bg2 Bd6 7. O-O O-O 8. Nbd2
Re8 9. Rd1 Qe7 10. e4 dxe4 11. Nxe4 Nxe4 12. Qxe4 e5 13. Bg5 f6 14. Be3 Bc7 15.
d5 Nc5 16. Bxc5 Qxc5 17. b4 cxd5 18. cxd5 Qd6 19. Nd2 f5 20. Qc2 Bb6 21. a3 Bd4
22. Nc4 Qa6 23. b5 Qf6 24. Rac1 Bd7 25. Qb3 b6 26. d6 e4 27. Nxb6+ Be6 28. Nd5
Qe5 29. Qb4 Bxf2+ 30. Kxf2 Bxd5 31. Rc5 e3+ 32. Ke2 Bxg2 33. Rxe5 Rxe5 34. d7
Bd5 35. Rxd5 1-0

[Event "XXVIII Open Internacional Ciud"]
[Site "Salon Miramar (Hotel Costa Va"]
[Date "2005.03.24"]
[Round "7.12"]
[White "Alonso Arburu, Jose Maria"]
[Black "Argandona Rivero, Inigo"]
[Result "0-1"]
[WhiteElo "2154"]
[BlackElo "2359"]
[PlyCount "96"]
[EventDate "2005.03.19"]

1. e4 c6 2. d4 g6 3. Nc3 d5 4. f3 Bg7 5. Be3 Nf6 6. h3 h5 7. e5 Ng8 8. g4 Qb6
9. Na4 Qa5+ 10. c3 hxg4 11. fxg4 Na6 12. b4 Nxb4 13. cxb4 Qxb4+ 14. Kf2 Bxg4
15. Qb3 a5 16. Bg2 Bf5 17. Ne2 Bh6 18. Ng3 Bxe3+ 19. Kxe3 Nh6 20. Nc5 Ra7 21.
Nd3 Bxd3 22. Kxd3 O-O 23. Rab1 e6 24. Qc2 Qe7 25. h4 b5 26. Qd2 Kg7 27. Qg5
Qxg5 28. hxg5 Nf5 29. Nxf5+ gxf5 30. Rhc1 Ra6 31. Ke3 Rh8 32. Rh1 Rxh1 33. Rxh1
b4 34. Rb1 Ra8 35. Bf3 Kg6 36. Rh1 Kxg5 37. Rg1+ Kh6 38. Bd1 Rc8 39. Rg2 c5 40.
dxc5 Rxc5 41. Rc2 Rxc2 42. Bxc2 Kg5 43. Kd4 f6 44. exf6 Kxf6 45. Kc5 Ke5 46.
Bd1 Ke4 47. Kd6 d4 48. Kxe6 d3 0-1

[Event "XXVIII Open Internacional Ciud"]
[Site "Salon Miramar (Hotel Costa Va"]
[Date "2005.03.24"]
[Round "7.13"]
[White "Bareyre, Patrick"]
[Black "Hernandez, Elvis"]
[Result "1-0"]
[WhiteElo "2147"]
[BlackElo "2313"]
[PlyCount "97"]
[EventDate "2005.03.19"]

1. d4 d5 2. Nf3 Nf6 3. Bf4 Nh5 4. Bg5 h6 5. Bc1 Nf6 6. c3 c6 7. Bf4 Qb6 8. Qb3
Bf5 9. Nbd2 Nbd7 10. e3 Nh5 11. Be5 Nxe5 12. dxe5 g6 13. Nd4 Bd7 14. Bd3 Ng7
15. Qc2 c5 16. N4f3 c4 17. Be2 Qc7 18. e4 e6 19. O-O Be7 20. Rfe1 O-O 21. Nd4
dxe4 22. Qxe4 b5 23. a4 bxa4 24. Nxc4 Nf5 25. Bf3 Nxd4 26. Qxd4 Rab8 27. b4
Rfd8 28. Qf4 Bb5 29. Be2 a6 30. Bf1 Rbc8 31. Re4 Bf8 32. h4 Bg7 33. Rae1 a3 34.
Qc1 Ra8 35. Qxa3 Qc6 36. Na5 Qc7 37. c4 Be8 38. c5 Rd5 39. Nc4 Rb8 40. Nd6 Bb5
41. Bxb5 axb5 42. h5 g5 43. f4 Qc6 44. Qg3 f6 45. exf6 Bxf6 46. Rxe6 Bd4+ 47.
Kh1 Rf8 48. Qd3 Bg7 49. Qg6 1-0

[Event "XXVIII Open Internacional Ciud"]
[Site "Salon Miramar (Hotel Costa Va"]
[Date "2005.03.24"]
[Round "7.14"]
[White "Martin Alvarez, Inigo"]
[Black "Huesmann, Thomas"]
[Result "1-0"]
[WhiteElo "2049"]
[BlackElo "2315"]
[PlyCount "81"]
[EventDate "2005.03.19"]

1. e4 e5 2. Nf3 Nc6 3. Bb5 a6 4. Ba4 Nf6 5. O-O Nxe4 6. d4 b5 7. Bb3 d5 8. dxe5
Be6 9. Nbd2 Nc5 10. c3 Be7 11. Bc2 Bg4 12. Re1 d4 13. Ne4 Ne6 14. Ng3 dxc3 15.
Be4 Qxd1 16. Rxd1 Ned8 17. Rxd8+ Rxd8 18. Bxc6+ Kf8 19. bxc3 Rd1+ 20. Nf1 Bd7
21. Be4 Be6 22. N3d2 Bg4 23. h3 Be2 24. Bc2 Re1 25. Bb2 Rxa1 26. Bxa1 Bg5 27.
Ng3 Bxd2 28. Nxe2 Ke7 29. Nd4 Bf4 30. g3 Bc1 31. Nf5+ Kf8 32. c4 Rg8 33. cxb5
axb5 34. Nd4 b4 35. Bb3 c5 36. Nf5 Bd2 37. e6 fxe6 38. Bxe6 g6 39. Bxg8 Kxg8
40. Ne3 Kf7 41. Kf1 1-0

[Event "XXVIII Open Internacional Ciud"]
[Site "Salon Miramar (Hotel Costa Va"]
[Date "2005.03.24"]
[Round "7.15"]
[White "Moriuchi, Toshiyuki"]
[Black "Gattegno, Laurent"]
[Result "1-0"]
[WhiteElo "2301"]
[BlackElo "2061"]
[PlyCount "53"]
[EventDate "2005.03.19"]

1. e4 e5 2. Nf3 Nc6 3. Bb5 a6 4. Ba4 Nf6 5. O-O Be7 6. Re1 b5 7. Bb3 O-O 8. a4
b4 9. d3 d6 10. a5 Bg4 11. c3 d5 12. h3 dxe4 13. hxg4 exf3 14. g5 Nd7 15. Bd5
Ndb8 16. Qxf3 Qd7 17. Be3 Bd6 18. Nd2 e4 19. Bxe4 g6 20. d4 Ra7 21. Bc2 Nd8 22.
d5 Rb7 23. Bd4 c5 24. Ne4 cxd4 25. Nf6+ Kg7 26. Nxd7 Nxd7 27. cxd4 1-0

[Event "XXVIII Open Internacional Ciud"]
[Site "Salon Miramar (Hotel Costa Va"]
[Date "2005.03.24"]
[Round "7.16"]
[White "Van Hoolandt, Patrick"]
[Black "Martinez Pelaez, David"]
[Result "1-0"]
[WhiteElo "2238"]
[BlackElo "2000"]
[PlyCount "99"]
[EventDate "2005.03.19"]

1. d4 Nf6 2. c4 e5 3. dxe5 Ng4 4. Nf3 Bc5 5. e3 Nc6 6. a3 a5 7. b3 Ncxe5 8.
Nxe5 Nxe5 9. Bb2 d6 10. Qc2 O-O 11. Be2 Qh4 12. h3 Re8 13. g3 Qh6 14. Nd2 Ng4
15. Nf1 Bd7 16. Qc3 Bc6 17. Rg1 Nf6 18. g4 Ne4 19. g5 Qg6 20. Qc2 f5 21. h4 Bb6
22. h5 Qe6 23. f3 Nc5 24. h6 g6 25. O-O-O a4 26. b4 Nb3+ 27. Kb1 Rad8 28. Rd3
Kf7 29. Bd1 Rg8 30. Qc3 Rde8 31. Rg2 Kf8 32. Rg3 f4 33. exf4 Qf5 34. Bc2 Qxf4
35. Rg4 Qf7 36. Bxb3 axb3 37. c5 dxc5 38. bxc5 Ba7 39. Qd2 Bxc5 40. Rf4 Re1+
41. Bc1 Rxf1 42. Rd8+ Be8 43. Rxf7+ Kxf7 44. Qd3 Rxc1+ 45. Kxc1 Bxa3+ 46. Kd1
b2 47. Qb3+ Ke7 48. Ra8 Bf7 49. Qxa3+ Kd7 50. Qd3+ 1-0

[Event "XXVIII Open Internacional Ciud"]
[Site "Salon Miramar (Hotel Costa Va"]
[Date "2005.03.24"]
[Round "7.17"]
[White "Salterain Gonzalez, Galder"]
[Black "Serras Uria, Antonio"]
[Result "1/2-1/2"]
[WhiteElo "1906"]
[BlackElo "2220"]
[PlyCount "39"]
[EventDate "2005.03.19"]

1. e4 c5 2. Nf3 d6 3. d4 cxd4 4. Nxd4 Nf6 5. Nc3 Nc6 6. f3 a6 7. Be3 e6 8. Bc4
Be7 9. Qd2 Bd7 10. O-O-O b5 11. Bd3 O-O 12. g4 Nxd4 13. Bxd4 Qa5 14. Kb1 b4 15.
Ne2 e5 16. Be3 Be6 17. Nc1 Rfb8 18. h4 Nd7 19. h5 Nf8 20. g5 1/2-1/2

[Event "XXVIII Open Internacional Ciud"]
[Site "Salon Miramar (Hotel Costa Va"]
[Date "2005.03.24"]
[Round "7.18"]
[White "Lazkano Gaite, Tomas"]
[Black "Galzagorri Uli, Yeray"]
[Result "0-1"]
[WhiteElo "1757"]
[BlackElo "2199"]
[PlyCount "54"]
[EventDate "2005.03.19"]

1. e4 c5 2. f4 d5 3. exd5 Qxd5 4. Nc3 Qd8 5. Nf3 Nc6 6. Bb5 Bd7 7. O-O Nf6 8.
d4 cxd4 9. Nxd4 Nxd4 10. Qxd4 Bxb5 11. Qxd8+ Rxd8 12. Nxb5 a6 13. Na3 e6 14. b3
Bc5+ 15. Kh1 Ne4 16. c4 Nf2+ 17. Kg1 Nh3+ 18. Kh1 Nf2+ 19. Kg1 Nd3+ 20. Kh1
Nxc1 21. b4 Bd4 22. Rb1 Nd3 23. g4 h5 24. g5 g6 25. Rf3 Nf2+ 26. Kg2 Ne4 27. b5
Nd2 0-1

[Event "XXVIII Open Internacional Ciud"]
[Site "Salon Miramar (Hotel Costa Va"]
[Date "2005.03.24"]
[Round "7.20"]
[White "Tung, Kai Ming"]
[Black "Galarza Cenzano, Inigo"]
[Result "1-0"]
[WhiteElo "2125"]
[BlackElo "1977"]
[PlyCount "71"]
[EventDate "2005.03.19"]

1. e4 e5 2. Nf3 Nc6 3. d4 exd4 4. Nxd4 Nf6 5. Nxc6 bxc6 6. e5 Nd5 7. Bc4 Nb6 8.
Bb3 d5 9. exd6 cxd6 10. Qf3 d5 11. O-O Be6 12. Bf4 Bd6 13. Nd2 Qc7 14. Bxd6
Qxd6 15. Rfd1 Qe5 16. c4 O-O 17. cxd5 cxd5 18. Rab1 Bf5 19. Rbc1 Bg6 20. Qc3
Qxc3 21. Rxc3 d4 22. Rc7 Rfc8 23. Rxc8+ Rxc8 24. Nf3 d3 25. Ne5 Re8 26. f4 Kf8
27. Kf2 Bh5 28. Rxd3 f6 29. Nd7+ Nxd7 30. Rxd7 Re2+ 31. Kg3 Rxb2 32. Rxa7 Be8
33. Bd5 Rb5 34. Bf3 h5 35. Ra8 Ke7 36. Rxe8+ 1-0

[Event "XXVIII Open Internacional Ciud"]
[Site "Salon Miramar (Hotel Costa Va"]
[Date "2005.03.25"]
[Round "8.1"]
[White "Spraggett, Kevin"]
[Black "Peralta, Fernando"]
[Result "1-0"]
[WhiteElo "2589"]
[BlackElo "2538"]
[PlyCount "85"]
[EventDate "2005.03.19"]

1. e4 d6 2. d4 Nf6 3. Nc3 g6 4. f4 Bg7 5. Nf3 O-O 6. Bd3 Na6 7. O-O c5 8. d5
Bg4 9. Bc4 Nc7 10. h3 Bxf3 11. Qxf3 e6 12. dxe6 fxe6 13. Be3 b6 14. Rad1 Qe7
15. Rfe1 Rad8 16. Bc1 Nd7 17. Qg4 Kh8 18. Kh1 a6 19. a4 Rb8 20. Bf1 b5 21. axb5
axb5 22. Ne2 e5 23. f5 gxf5 24. exf5 d5 25. Nf4 d4 26. Nh5 Rbe8 27. c3 Nf6 28.
Qxg7+ Qxg7 29. Nxg7 Kxg7 30. g4 Nfd5 31. Bg2 c4 32. g5 Rxf5 33. cxd4 e4 34.
Rxe4 Rxe4 35. Bxe4 Rf2 36. Kg1 Re2 37. Bf3 Rc2 38. h4 b4 39. Re1 c3 40. Be4
Rxc1 41. Rxc1 cxb2 42. Rc5 Kg8 43. Rxd5 1-0

[Event "XXVIII Open Internacional Ciud"]
[Site "Salon Miramar (Hotel Costa Va"]
[Date "2005.03.25"]
[Round "8.2"]
[White "Neelotpal, Das"]
[Black "Paunovic, Dragan"]
[Result "1/2-1/2"]
[WhiteElo "2468"]
[BlackElo "2518"]
[PlyCount "68"]
[EventDate "2005.03.19"]

1. e4 d5 2. exd5 Qxd5 3. Nc3 Qd8 4. d4 Nf6 5. Bg5 c6 6. Qd2 Bf5 7. Bxf6 gxf6 8.
O-O-O e6 9. Nf3 Nd7 10. Nh4 Bg6 11. Qe3 Qb6 12. Bc4 O-O-O 13. g3 f5 14. Ne2 Bg7
15. Qa3 Kb8 16. Nf4 c5 17. d5 Ne5 18. Be2 Ng4 19. Bxg4 fxg4 20. dxe6 fxe6 21.
Qb3 Qxb3 22. axb3 Bh6 23. Nhxg6 hxg6 24. Rxd8+ Rxd8 25. Re1 Rd6 26. c3 Kc7 27.
Kc2 Bxf4 28. gxf4 Kd7 29. Rg1 Ke7 30. Rxg4 Kf6 31. Rh4 Kg7 32. Rg4 b6 33. h4
Kf6 34. Rg1 Rd5 {Ilegible} 1/2-1/2

[Event "XXVIII Open Internacional Ciud"]
[Site "Salon Miramar (Hotel Costa Va"]
[Date "2005.03.25"]
[Round "8.3"]
[White "Dobrev, Nanko"]
[Black "Gomez Esteban, Juan Mario"]
[Result "1-0"]
[WhiteElo "2399"]
[BlackElo "2474"]
[PlyCount "99"]
[EventDate "2005.03.19"]

1. d4 Nf6 2. Nf3 e6 3. c4 b6 4. a3 Bb7 5. Nc3 d5 6. Bg5 Be7 7. Bxf6 Bxf6 8.
cxd5 exd5 9. Qb3 O-O 10. Rd1 Re8 11. g3 Nc6 12. Bg2 Na5 13. Qc2 Qe7 14. O-O
Rad8 15. Rfe1 c5 16. e3 g6 17. dxc5 Qxc5 18. Rc1 d4 19. exd4 Rxe1+ 20. Rxe1 Qc7
21. Qd3 Qc4 22. Qe3 Kg7 23. h4 h5 24. b4 Nc6 25. Ne2 Qa2 26. Ng5 Rd7 27. b5 Re7
28. Qc1 Na5 29. Nf4 Rxe1+ 30. Qxe1 Bxg2 31. Kxg2 Qxa3 32. Nxf7 Kxf7 33. Qe6+
Kg7 34. Qe8 Qd6 35. Qxg6+ Kf8 36. d5 Ke7 37. Qxh5 Kd8 38. Qf7 Qe7 39. Qg8+ Kd7
40. Qg4+ Kd6 41. Qc8 Qd7 42. Qb8+ Kc5 43. Qf8+ Be7 44. Qf7 Qd6 45. h5 Nc4 46.
h6 Ne5 47. Qe8 Qd7 48. Qg8 Bf6 49. h7 Qg4 50. Nd3+ {Ilegible} 1-0

[Event "XXVIII Open Internacional Ciud"]
[Site "Salon Miramar (Hotel Costa Va"]
[Date "2005.03.25"]
[Round "8.5"]
[White "Marholev, Dimitar"]
[Black "Flear, Glenn C"]
[Result "1/2-1/2"]
[WhiteElo "2381"]
[BlackElo "2462"]
[PlyCount "77"]
[EventDate "2005.03.19"]

1. e4 e5 2. Nf3 Nc6 3. Bb5 a6 4. Bxc6 dxc6 5. O-O Bd6 6. d4 exd4 7. Qxd4 f6 8.
Nbd2 Be6 9. Nc4 Bxh2+ 10. Kxh2 Qxd4 11. Nxd4 Bxc4 12. Rd1 O-O-O 13. Bf4 Ne7 14.
a3 Ng6 15. Bg3 Rd7 16. Nf5 Rhd8 17. Rxd7 Rxd7 18. Ne3 Be6 19. Rd1 Rxd1 20. Nxd1
c5 21. Ne3 Ne7 22. f4 Nc6 23. f5 Bf7 24. Bf4 Kd7 25. g4 h6 26. Kg3 b5 27. Kf2
b4 28. Ke2 Nd4+ 29. Kd3 Nf3 30. Ke2 Nd4+ 31. Kd3 Nc6 32. Nc4 a5 33. c3 a4 34.
Bg3 b3 35. Bf4 h5 36. gxh5 Bxh5 37. Be3 g6 38. fxg6 Bxg6 39. Bxc5 1/2-1/2

[Event "XXVIII Open Internacional Ciud"]
[Site "Salon Miramar (Hotel Costa Va"]
[Date "2005.03.25"]
[Round "8.6"]
[White "Cifuentes Parada, Roberto"]
[Black "Bareyre, Patrick"]
[Result "1-0"]
[WhiteElo "2521"]
[BlackElo "2147"]
[PlyCount "65"]
[EventDate "2005.03.19"]

1. d4 e6 2. Nf3 b6 3. g3 Bb7 4. Bg2 f5 5. O-O Nf6 6. c4 Be7 7. Nc3 O-O 8. Qc2
a5 9. b3 Na6 10. Bb2 Qe8 11. e3 Qh5 12. Qe2 g5 13. Ne5 Qxe2 14. Nxe2 Bxg2 15.
Kxg2 Nb8 16. Nc3 d6 17. Nd3 Kf7 18. f3 Nc6 19. a3 g4 20. fxg4 Nxg4 21. Rae1 Bg5
22. d5 Nce5 23. Nf4 exd5 24. Ncxd5 Bd8 25. h3 Nh6 26. e4 Rg8 27. exf5 Bh4 28.
Ng6 hxg6 29. fxg6+ Kxg6 30. Bxe5 Rae8 31. Bf4 Bd8 32. Bxh6 Kxh6 33. Nf6 1-0

[Event "XXVIII Open Internacional Ciud"]
[Site "Salon Miramar (Hotel Costa Va"]
[Date "2005.03.25"]
[Round "8.9"]
[White "Argandona Rivero, Inigo"]
[Black "Alonso, Salvador"]
[Result "1/2-1/2"]
[WhiteElo "2359"]
[BlackElo "2459"]
[PlyCount "122"]
[EventDate "2005.03.19"]

1. d4 d5 2. Nf3 c6 3. e3 Nf6 4. Bd3 Bg4 5. Nbd2 Nbd7 6. O-O e6 7. b3 Bd6 8. Bb2
O-O 9. Qe1 Qb8 10. h3 Bh5 11. c4 Re8 12. Qb1 a5 13. Ng5 h6 14. Ngf3 e5 15. dxe5
Nxe5 16. Nxe5 Bxe5 17. Bxe5 Qxe5 18. Qc2 Rad8 19. c5 Qe7 20. Rac1 Ne4 21. Rfe1
Qh4 22. Nf1 Re5 23. f4 Re7 24. Bxe4 Rxe4 25. Qf2 Qxf2+ 26. Kxf2 Rb4 27. Ng3 Bg6
28. Ne2 Re4 29. Nd4 Ree8 30. a3 Be4 31. b4 axb4 32. axb4 Ra8 33. Ra1 Kf8 34.
Ra5 Rxa5 35. bxa5 Ra8 36. Ra1 Ra6 37. g4 Ke7 38. Ra3 Kd7 39. f5 Ra8 40. h4 Kc7
41. Kg3 Kd7 42. Kf4 Bg2 43. Ne2 Bf1 44. Ng3 Bb5 45. g5 hxg5+ 46. Kxg5 Ke7 47.
Nh5 f6+ 48. Kg6 Rh8 49. Nxg7 Rxh4 50. Ne6 Rg4+ 51. Kh6 Rh4+ 52. Kg6 Rg4+ 53.
Kh6 Rg1 54. Nd4 Ba6 55. Kh5 Rc1 56. Ne6 Rg1 57. Nd4 Kf7 58. Kh4 Rc1 59. Ne6 Rg1
60. Nd4 Rc1 61. Ne6 Rg1 1/2-1/2

[Event "XXVIII Open Internacional Ciud"]
[Site "Salon Miramar (Hotel Costa Va"]
[Date "2005.03.25"]
[Round "8.10"]
[White "Andres Gonzalez, Alberto"]
[Black "Tung, Kai Ming"]
[Result "1-0"]
[WhiteElo "2430"]
[BlackElo "2125"]
[PlyCount "85"]
[EventDate "2005.03.19"]

1. d4 e6 2. Nf3 c5 3. c4 Nf6 4. g3 cxd4 5. Nxd4 Bb4+ 6. Nc3 O-O 7. Bg2 d5 8. a3
Bxc3+ 9. bxc3 Nc6 10. cxd5 Nxd4 11. Qxd4 exd5 12. Bg5 Be6 13. O-O h6 14. Bxf6
Qxf6 15. Qxf6 gxf6 16. Rfd1 Rac8 17. Bxd5 Bxd5 18. Rxd5 Rxc3 19. Ra5 a6 20. Rb1
Rc7 21. Rf5 Re8 22. Rxf6 Rxe2 23. Rxh6 Rcc2 24. Rf6 b5 25. Rb4 Ra2 26. Rg4+ Kf8
27. Rf3 Re1+ 28. Kg2 Rea1 29. Rgf4 Rxa3 30. Rxf7+ Kg8 31. Rf8+ Kg7 32. R3f7+
Kg6 33. Rf6+ Kg7 34. h4 Rc3 35. h5 Rc7 36. g4 b4 37. g5 b3 38. h6+ Kh7 39.
R8f7+ Rxf7 40. Rxf7+ Kg6 41. Rg7+ Kf5 42. h7 b2 43. Rb7 1-0

[Event "XXVIII Open Internacional Ciud"]
[Site "Salon Miramar (Hotel Costa Va"]
[Date "2005.03.25"]
[Round "8.13"]
[White "Ladron De Guevara, Fco Javier"]
[Black "Moriuchi, Toshiyuki"]
[Result "0-1"]
[WhiteElo "2104"]
[BlackElo "2301"]
[PlyCount "38"]
[EventDate "2005.03.19"]

1. Nf3 Nf6 2. c4 g6 3. Nc3 Bg7 4. e4 d6 5. d4 O-O 6. Be2 e5 7. dxe5 dxe5 8.
Qxd8 Rxd8 9. Bg5 c6 10. Nxe5 Re8 11. O-O-O Na6 12. Rd6 Be6 13. Rhd1 Nc5 14. f4
Nfxe4 15. Nxe4 Nxe4 16. Bh4 g5 17. Bg3 gxf4 18. Bxf4 Bxe5 19. Bxe5 Bf5 0-1

[Event "XXVIII Open Internacional Ciud"]
[Site "Salon Miramar (Hotel Costa Va"]
[Date "2005.03.25"]
[Round "8.14"]
[White "Mascarell Canet, Redo"]
[Black "Van Hoolandt, Patrick"]
[Result "0-1"]
[WhiteElo "2122"]
[BlackElo "2238"]
[PlyCount "76"]
[EventDate "2005.03.19"]

1. e4 e5 2. Nf3 Nc6 3. Bb5 Nf6 4. d3 d6 5. c3 g6 6. O-O Bg7 7. Re1 O-O 8. Nbd2
a6 9. Ba4 Nd7 10. b4 b5 11. Bb3 a5 12. bxa5 Nxa5 13. Bb2 Nxb3 14. axb3 Rxa1 15.
Qxa1 Nc5 16. Qb1 f5 17. b4 fxe4 18. Nxe4 Nxe4 19. dxe4 Bg4 20. Nd2 Qf6 21. f3
Bh6 22. Nf1 Be6 23. Qc2 Ra8 24. Ra1 Rxa1 25. Bxa1 Qd8 26. Bb2 Qa8 27. Bc1 Qa7+
28. Kh1 Qa1 29. Nd2 Kg7 30. g3 Qa4 31. Qxa4 bxa4 32. c4 Bxc4 33. f4 Bd3 34. Kg1
exf4 35. g4 g5 36. e5 dxe5 37. Bb2 Kf7 38. Nf3 e4 0-1